Analytical Chemistry

Gespeichert in:
Bibliographische Detailangaben
1. Verfasser: Christian, Gary D.
Format: Buch
Sprache:Englisch
Veröffentlicht: New York John Wiley & Sons 1994
Ausgabe:5th ed.
Schlagworte:
Online-Zugang:Im OPAC anzeigen
Tags: Tag hinzufügen
Keine Tags, Fügen Sie das erste Tag hinzu!

MARC

LEADER 00000pam a2200000 a 4500
005 20260127134357.0
008 050301s1993 nyua 001 0 eng
020 |a 0471597619 
035 |a vtls001516522 
039 9 |a 200503020958  |b mschk03  |y 200503011405  |z mschk03 
040 |a STUSCHK1  |b slo  |c STUSCHK1 
080 |a 543 
100 1 |a Christian, Gary D. 
245 1 0 |a Analytical Chemistry 
250 |a 5th ed. 
260 |a New York  |b John Wiley & Sons  |c 1994 
300 |a XX, 812 s. 
650 |a analytická chémia 
919 |a 0-471-59761-9 
999 |c 11242  |d 11242